ბათუმის შოთა რუსთაველის სახელმწიფო უნივერსიტეტის ბიბლიოთეკა

Middle ages,renaissance,and reformation. (ბიბ.ჩანაწერი № 47087)

000 -LEADER
fixed length control field 00530nam a2200193Ia 4500
001 - CONTROL NUMBER
control field 13944
003 - CONTROL NUMBER IDENTIFIER
control field GE_BSU
008 - FIXED-LENGTH DATA ELEMENTS--GENERAL INFORMATION
fixed length control field 181216s||||||||xx |||||||||||||| ||und||
040 ## - CATALOGING SOURCE
Transcribing agency GE_BSU
080 ## - UNIVERSAL DECIMAL CLASSIFICATION NUMBER
Universal Decimal Classification number 821.09
245 ## - TITLE STATEMENT
Title Middle ages,renaissance,and reformation.
245 ## - TITLE STATEMENT
Remainder of title Classics of western thought.volume ll.
250 ## - EDITION STATEMENT
Edition statement Third edition.
260 ## - PUBLICATION, DISTRIBUTION, ETC.
Name of publisher, distributor, etc. Thomson Leanning.
260 ## - PUBLICATION, DISTRIBUTION, ETC.
Date of publication, distribution, etc. 1980
300 ## - PHYSICAL DESCRIPTION
Extent 575p;21cm.
653 ## - INDEX TERM--UNCONTROLLED
Uncontrolled term Middle ages,renaissance,and reformation.Classics of western thought.volume ll.
942 ## - ADDED ENTRY ELEMENTS (KOHA)
Koha item type წიგნი
ეგზემპლარები
Withdrawn status Lost status Damaged status Not for loan Date acquired Barcode Date last seen Price effective from Koha item type
        2018-12-17 36811 2018-12-17 2018-12-17 წიგნი